000 00592nam a22002057a 4500
003 PILC
005 20160114123044.0
008 121117t xxu||||| |||| 00| 0 eng d
020 _a0060757302
050 _aPZ 7
_b.Sn6795 2004
082 _aFIC
_bSn3u #11
100 _aSnicket, Lemony
_94308
245 _aThe grim grotto
_cLemony Snickets, illustrations by Brett Helquist
260 _aNew York :
_bHarper Collins Publishers,
_c2004.
300 _a323 p. :
_c20 cm.
440 _aA series of unfortunate events
_919028
650 _aFiction
_9746
942 _2lcc
_cBK
999 _c11365
_d11365